000 00818nam a2200253 a 4500
001 13029
003 BD-JhCC
005 20230614102840.0
008 230614s 2019bg |||| ||a| 000 0 ben d
020 _a9789849366133
035 _a(BD-JhCC)13029
040 _aBD-JhCC
_dBD-JhCC
041 _aben
082 _a621.3192
_bSHA 2019
100 _aসাহা, সৌমেন
245 _aইঞ্জিনিয়ারিং কি ও কেন? /
_cসৌমেন সাহা ।
260 _aঢাকা:
_bঅন্যথারা,
_c২০১৯.
300 _a১৭৯ পৃ. :
_c২২ সেমি.
504 _aগ্রন্থপঞ্জি সংযোজিত।
650 _aElectric circuit analysis
650 _aEngineering
942 _2ddc
_cBK
_08
999 _c13029
_d13029